Výpočet hmotných momentov zotrvačnosti mechanických prvkov z kompozitného materiálu

Saved in:
Bibliographic Details
Main Author: Horváth, Lukáš (Author)
Other Authors: Murín, Justín (Thesis advisor)
Format: Manuscript Book
Language:Slovak
Published: 2019
Subjects:
Online Access:http://is.stuba.sk/zp/portal_zp.pl?podrobnosti=135360
Tags: Add Tag
No Tags, Be the first to tag this record!

MARC

LEADER 00000ntm a22000003a 4500
001 stuzp71715
003 SK-STU
005 20190729122149.6
007 ta
008 150427s2015----xo-----f-mn---000-0-slo-d
040 |a STU  |b slo 
041 0 |a slo 
044 |a xo 
100 1 |a Horváth, Lukáš  |u 030400  |4 aut  |U FEI Fakulta elektrotechniky a informatiky  |T FEI Ústav automobilovej mechatroniky  |X 86372  |U E400  |Y 642  |7 86372 
242 0 1 |a Calculation of the Mass Moment of Inertia of the Composite Mechanical Components  |y eng 
245 1 0 |a Výpočet hmotných momentov zotrvačnosti mechanických prvkov z kompozitného materiálu 
260 |c 2019 
300 |a 55 s.,  |b CD-ROM 
650 4 |a funkčne gradované materiály  |2 slo 
650 4 |a metóda konečných prvkov  |2 slo 
650 4 |a moment zotrvačnosti  |2 slo 
650 4 |a moment of inertia  |2 eng 
650 4 |a functionally graded materials  |2 eng 
650 4 |a finite element method  |2 eng 
700 1 |a Murín, Justín  |u 030400  |k Z1  |4 ths  |U FEI Fakulta elektrotechniky a informatiky  |T FEI Ústav automobilovej mechatroniky  |X 1830  |U E400  |Y 642  |7 A000001830 
856 4 |u http://is.stuba.sk/zp/portal_zp.pl?podrobnosti=135360 
996 |b 284ER02972  |c E*Bc- 2972  |l EE30  |s P  |a 0  |w stuzp71715_0001